000 00490nam a22001937a 4500
003 OSt
005 20160704141033.0
008 160704b xxu||||| |||| 00| 0 eng d
020 _a0723418888
040 _cDNLM.
082 _aQZ150143m 1998.
100 _aAllison,M.C;[et.....al]
_99926
245 _aInflammatory Bowel Disease;
260 _aLondon.
_bMosby.
_c1998.
300 _a186p;
_bcol,ill;
_c27cm.
504 _aincludes index.
650 _aPathology.
_937
942 _2z
_cO_SHELF
999 _c4618
_d4618